Central Library OPAC University of Rajshahi

Law of contract in India : (Record no. 4389)

MARC details
000 -LEADER
fixed length control field 00711nam a2200229 a 4500
001 - CONTROL NUMBER
control field 4389
003 - CONTROL NUMBER IDENTIFIER
rucl marc code BD-RjUL
005 - DATE AND TIME OF LATEST TRANSACTION
control field 20211208233901.0
008 - FIXED-LENGTH DATA ELEMENTS--GENERAL INFORMATION
fixed length control field 131222s1985 ii b 001 0 eng
035 ## - SYSTEM CONTROL NUMBER
System control number (BD-RjUL)4424
040 ## - CATALOGING SOURCE
Original cataloging agency DLC
Transcribing agency DLC
Modifying agency DLC
-- BD-RjUL
Language of cataloging eng
041 ## - LANGUAGE CODE
Language code of text/sound track or separate title eng
082 00 - DEWEY DECIMAL CLASSIFICATION NUMBER
Classification number 345.4062
Edition number 19
Author mark and year SIL 1985
100 1# - MAIN ENTRY--PERSONAL NAME
Personal name Singh, Amar.
9 (RLIN) 13872
245 10 - TITLE STATEMENT
Title Law of contract in India :
Remainder of title the doctrine of consideration /
Statement of responsibility, etc. Amar Singh ; foreword by H.S. Thakur.
260 ## - PUBLICATION, DISTRIBUTION, ETC. (IMPRINT)
Place of publication, distribution, etc. New Delhi :
Name of publisher, distributor, etc. Deep & Deep Publications,
Date of publication, distribution, etc. c1985.
300 ## - PHYSICAL DESCRIPTION
Pagination 312 p. ;
Size 22 cm.
504 ## - BIBLIOGRAPHY, ETC. NOTE
Bibliography, etc Bibliography: p. 308-310 and index.
650 #0 - SUBJECT ADDED ENTRY--TOPICAL TERM
Topical term or geographic name as entry element Consideration (Law)
Geographic subdivision India.
9 (RLIN) 13873
942 ## - ADDED ENTRY ELEMENTS (KOHA)
Source of classification or shelving scheme Dewey Decimal Classification
Koha item type Books
Holdings
Lost status Source of classification or shelving scheme Damaged status Not for loan Collection code Permanent Location Current Location Shelving location Date acquired Source of acquisition Cost, normal purchase price Total Checkouts Full call number Date last seen Copy number Koha item type
  Dewey Decimal Classification     Non-fiction Central Library, University of Rajshahi Central Library, University of Rajshahi   09/10/1990 Ankum thene 175.00   345.4062 SIL 1985 22/12/2013 C-4 Books
  Dewey Decimal Classification   Not For Loan Non-fiction Central Library, University of Rajshahi Central Library, University of Rajshahi Reading Room 09/10/1996 Ankur Prokasoni, Dhaka 175.00   345.4062 SIL 1985 24/12/2016 C-1 Books
  Dewey Decimal Classification   Not For Loan Non-fiction Central Library, University of Rajshahi Central Library, University of Rajshahi Reading Room 09/10/1996 Ankur Prokasoni, Dhaka 175.00   345.4062 SIL 1985 24/12/2016 C-2 Books